00749nam a22002297a 450000500170000000700150001700800410003202800320007303500130010504000120011810000140013024501130014426000400025730000860029750000170038350500370040070000150043770000250045270000180047770000210049570000030051620100907111819.0sd ammalaaahaa100907t xxu||||| |||| 00| 0 hin d aN.88091bHis Master's Voice aGR-01152 aSED/VEN aManna Dey aTum Hi Tum Part 1 :cby Manna Dey ; Music by V. Balsara ; lyric by Chandrashekhar Pandah[Sound Recording] : aDum Dum, IndiabHis Master's Voice  a1 sound disc [Gramophone Record] :banalog, 33.1/3 rpmc10 in.fGramophone Record aBrief record aYad Fir Aayi part 2 (Manna Dey)  aV. Balsara aChandrashekhar Panda aHasrat Mohani aShakeel Badayuni